000 00624nmm a2200217 a 4500
003 AR-BaBNM
005 20251128205009.0
008 266019s1992 ||||||||||||||000 | spa||
020 _a950-02-6317-3
040 _cAR-BaBNM
245 1 0 _aDiccionario enciclopédico El Ateneo
_bD-N. 2
260 _aBuenos Aires
_bEl Ateneo
_c1992
300 0 _ap. 641-1264
_bil., mapas
500 1 _aContiene índices de láminas, mapas, láminas por materias y abreviaturas al comienzo del volumen
650 4 _aDICCIONARIOS
650 4 _aESPANOL
650 4 _aENCICLOPEDIAS
655 _aREFERENCIA
942 _cBK
998 _cGrace
999 _c9630
_d9630